000 00513nam a22001697a 4500
005 20180823132450.0
020 _a8126904526
_c550.00
035 _aB-160992, B-160991, B-160997, B-161006
037 _aDPL
_bENG
100 _aSharma, C. K.
245 _aLibrary management /
_cby C. K. Sharma and Kiran Singh
250 _aVol. I
260 _aNew Delhi
_bAtlantic Publishers and Distributors
300 _av, 255p.
_c18 cms.
700 _aSingh, Kiran
_943010
942 _2ddc
_cEN
_h025.1
_mSHA
999 _c63446
_d63446